[Event "Outaouais op B"]
[Site "Gatineau CAN"]
[Date "2007.09.21"]
[Round "1"]
[White "Dupont, Claude"]
[Black "Rainey, Ivan"]
[Result "0-1"]
[WhiteElo "1482"]
[BlackElo "1251"]
[PlyCount "55"]
[GameId "2160767910579100"]
[EventDate "2007.09.22"]
[EventType "swiss"]
[EventRounds "5"]
[EventCountry "CAN"]

1. e4 c6 2. d4 d5 3. exd5 cxd5 4. Nc3 Nf6 5. Nf3 Bf5 6. Bd3 Bxd3 7. Qxd3 Nc6 8. Qb5 Qd7 9. O-O e6 10. Be3 Bd6 11. a3 O-O 12. b4 a6 13. Qd3 Rfe8 14. Bg5 Qd8 15. Rfe1 e5 16. dxe5 Nxe5 17. Nxe5 Bxe5 18. Rad1 d4 19. Ne4 Re6 20. f4 Bc7 21. Qxd4 Bb6 22. Nc5 Rxe1+ 23. Kf2 Rxd1 24. Qxd8+ Raxd8 25. Bxf6 Bxc5+ 26. Kg3 gxf6 27. bxc5 R8d2 28. c6 0-1

[Event "Outaouais op B"]
[Site "Gatineau CAN"]
[Date "2007.09.22"]
[Round "2"]
[White "Arsenault, Yves"]
[Black "Labelle, Raymond"]
[Result "1-0"]
[WhiteElo "1411"]
[BlackElo "1429"]
[PlyCount "49"]
[GameId "2160767910579101"]
[EventDate "2007.09.22"]
[EventType "swiss"]
[EventRounds "5"]
[EventCountry "CAN"]

1. e4 e5 2. Nf3 Nc6 3. Bc4 Nf6 4. d3 d6 5. Ng5 d5 6. exd5 Nxd5 7. Qf3 Be6 8. Nxe6 fxe6 9. c3 Na5 10. Qh5+ g6 11. Qxe5 Qf6 12. Qxf6 Nxf6 13. Bxe6 Bd6 14. O-O Nd7 15. Re1 O-O-O 16. Bh6 Rhe8 17. Nd2 Be7 18. Bf7 Bf8 19. Bxe8 Bxh6 20. Bxd7+ Kxd7 21. Ne4 Kc8 22. Rad1 Nc6 23. Nf6 Rh8 24. Re8+ Rxe8 25. Nxe8 1-0

[Event "Outaouais op B"]
[Site "Gatineau CAN"]
[Date "2007.09.23"]
[Round "3"]
[White "Rainey, Ivan"]
[Black "Bachard, Thierry"]
[Result "1-0"]
[WhiteElo "1251"]
[BlackElo "1135"]
[PlyCount "38"]
[GameId "2160767910579102"]
[EventDate "2007.09.22"]
[EventType "swiss"]
[EventRounds "5"]
[EventCountry "CAN"]

1. e4 e5 2. Nc3 Nf6 3. Bc4 Nc6 4. d3 Bc5 5. f4 d6 6. f5 O-O 7. Qe2 Nd4 8. Qd1 b5 9. Nxb5 Nxb5 10. Bxb5 d5 11. Bg5 Qd6 12. Bxf6 Qxf6 13. b3 dxe4 14. dxe4 Qh4+ 15. Ke2 Qf2+ 16. Kd3 Rd8+ 17. Kc3 Rxd1 18. Rxd1 Bb7 19. Rd2 Bb4+ 1-0

[Event "Outaouais-ch A"]
[Site "Gatineau CAN"]
[Date "2007.05.01"]
[Round "2"]
[White "Brousseau, Yvan"]
[Black "Szalay, Karoly"]
[Result "1/2-1/2"]
[WhiteElo "2128"]
[BlackElo "1999"]
[PlyCount "72"]
[GameId "2160767910692963"]
[EventDate "2007.04.24"]
[EventType "swiss"]
[EventRounds "6"]
[EventCountry "CAN"]
[SourceTitle "EXT 2022"]
[Source "ChessBase"]
[SourceDate "2021.10.06"]
[SourceVersion "1"]
[SourceVersionDate "2021.10.06"]
[SourceQuality "1"]

1. b3 d5 2. Bb2 c5 3. e3 Nc6 4. f4 e6 5. Nf3 Nf6 6. Bb5 Bd6 7. O-O O-O 8. Ne5 Bd7 9. Nxd7 Nxd7 10. Qg4 g6 11. Bxc6 bxc6 12. d3 f5 13. Qg3 Qc7 14. Nd2 e5 15. Qg5 Nf6 16. g3 Ng4 17. fxe5 Bxe5 18. Bxe5 Qxe5 19. Rae1 Rae8 20. Nf3 Qe7 21. e4 dxe4 22. dxe4 Qxg5 23. Nxg5 h6 24. Nh3 Rxe4 25. Rxe4 fxe4 26. Rxf8+ Kxf8 27. Nf4 Kf7 28. h3 Ne3 29. c4 Nd1 30. Ne2 Kf6 31. Kf1 g5 32. Ke1 Nb2 33. Kd2 Ke5 34. Nc1 Kd4 35. Ne2+ Ke5 36. Nc3 Kd4 1/2-1/2

[Event "Outaouais-ch A"]
[Site "Gatineau CAN"]
[Date "2007.05.01"]
[Round "2"]
[White "Chartrand, Jean Bruno"]
[Black "Malette, Martin"]
[Result "1/2-1/2"]
[WhiteElo "1920"]
[BlackElo "2051"]
[PlyCount "22"]
[GameId "2160767910692964"]
[EventDate "2007.04.24"]
[EventType "swiss"]
[EventRounds "6"]
[EventCountry "CAN"]
[SourceTitle "EXT 2022"]
[Source "ChessBase"]
[SourceDate "2021.10.06"]
[SourceVersion "1"]
[SourceVersionDate "2021.10.06"]
[SourceQuality "1"]

1. d4 Nf6 2. c4 g6 3. Nc3 Bg7 4. e4 d6 5. Nf3 O-O 6. Be2 e5 7. O-O exd4 8. Nxd4 Re8 9. f3 Nc6 10. Nc2 Be6 11. Bg5 h6 1/2-1/2

[Event "Outaouais-ch A"]
[Site "Gatineau CAN"]
[Date "2007.05.18"]
[Round "3"]
[White "Malette, Martin"]
[Black "Brousseau, Yvan"]
[Result "1-0"]
[WhiteElo "2051"]
[BlackElo "2128"]
[PlyCount "133"]
[GameId "2160767910692966"]
[EventDate "2007.04.24"]
[EventType "swiss"]
[EventRounds "6"]
[EventCountry "CAN"]
[SourceTitle "EXT 2022"]
[Source "ChessBase"]
[SourceDate "2021.10.06"]
[SourceVersion "1"]
[SourceVersionDate "2021.10.06"]
[SourceQuality "1"]

1. g3 d5 2. Bg2 c6 3. Nf3 Nf6 4. b3 Nbd7 5. Bb2 Qc7 6. d3 e5 7. Nbd2 Bd6 8. O-O O-O 9. c4 d4 10. Re1 Rb8 11. Rc1 c5 12. e3 b6 13. Nf1 Bb7 14. e4 g6 15. h3 Kg7 16. Rc2 Rh8 17. N1h2 Rbg8 18. Bc1 h6 19. Rf1 Kf8 20. Nh4 Ke8 21. a3 Nf8 22. Bd2 Ne6 23. Qc1 Bf8 24. b4 Be7 25. Rb2 h5 26. N2f3 Nd7 27. Qb1 Qd8 28. Qc2 Qc7 29. Ra1 Ng7 30. Bf1 Bxh4 31. Nxh4 Qc6 32. a4 f5 33. a5 cxb4 34. Qa4 fxe4 35. Qxc6 Bxc6 36. Nxg6 Rh7 37. axb6 axb6 38. Bg2 Ne6 39. Nh4 Nec5 40. dxe4 b3 41. Nf5 Rg6 42. Ra7 Rf7 43. f3 Nf8 44. Ra3 Rc7 45. Bb4 Nfd7 46. Bf1 Bb7 47. Rb1 Rgc6 48. Ng7+ Kf7 49. Nxh5 Nb8 50. Bxc5 Rxc5 51. Rbxb3 Nd7 52. Ra7 Ra5 53. Ra3 Rxa3 54. Rxa3 Nc5 55. Kf2 Ba6 56. g4 Bb7 57. Ng3 Ne6 58. Rb3 Rc6 59. Rb5 Nc5 60. Nf5 Ba6 61. Rb4 Ne6 62. Ra4 Nc7 63. Kg3 b5 64. cxb5 Bxb5 65. Bxb5 Nxb5 66. Ra5 Rb6 67. Rxb5 1-0

[Event "Outaouais-ch A"]
[Site "Gatineau CAN"]
[Date "2007.05.15"]
[Round "4"]
[White "Chartrand, Jean Bruno"]
[Black "Brousseau, Yvan"]
[Result "1/2-1/2"]
[WhiteElo "1920"]
[BlackElo "2128"]
[PlyCount "89"]
[GameId "2160767910692967"]
[EventDate "2007.04.24"]
[EventType "swiss"]
[EventRounds "6"]
[EventCountry "CAN"]
[SourceTitle "EXT 2022"]
[Source "ChessBase"]
[SourceDate "2021.10.06"]
[SourceVersion "1"]
[SourceVersionDate "2021.10.06"]
[SourceQuality "1"]

1. d4 b6 2. e4 Bb7 3. Nc3 e6 4. Bd3 Nf6 5. Nf3 Bb4 6. Bg5 h6 7. Bxf6 Qxf6 8. O-O Bxc3 9. bxc3 O-O 10. Nd2 d6 11. f4 Nd7 12. e5 Qe7 13. Qg4 dxe5 14. fxe5 Qg5 15. Qe2 Rad8 16. Ne4 Qe7 17. Rae1 Rde8 18. Qg4 f5 19. exf6 Nxf6 20. Nxf6+ Rxf6 21. Rxf6 Qxf6 22. Rf1 Qg5 23. Qxg5 hxg5 24. Re1 Kf7 25. Kf2 Kf6 26. Kg3 e5 27. Rf1+ Ke6 28. dxe5 Re7 29. c4 Kxe5 30. Rf5+ Kd4 31. Rxg5 a5 32. Kh4 Ba6 33. Rd5+ Kc3 34. c5 Bxd3 35. cxd3 a4 36. cxb6 cxb6 37. Rb5 Re2 38. g4 Rxh2+ 39. Kg5 Rb2 40. Rxb2 Kxb2 41. d4 Kxa2 42. d5 Kb3 43. d6 a3 44. d7 a2 45. d8=Q 1/2-1/2

[Event "Outaouais-ch A"]
[Site "Gatineau CAN"]
[Date "2007.05.15"]
[Round "4"]
[White "Malette, Martin"]
[Black "Szalay, Karoly"]
[Result "1-0"]
[WhiteElo "2051"]
[BlackElo "1999"]
[PlyCount "55"]
[GameId "2160767910692968"]
[EventDate "2007.04.24"]
[EventType "swiss"]
[EventRounds "6"]
[EventCountry "CAN"]
[SourceTitle "EXT 2022"]
[Source "ChessBase"]
[SourceDate "2021.10.06"]
[SourceVersion "1"]
[SourceVersionDate "2021.10.06"]
[SourceQuality "1"]

1. e4 e5 2. Nf3 Nc6 3. Nc3 Nf6 4. d4 exd4 5. Nxd4 Bb4 6. Nxc6 bxc6 7. Bd3 d5 8. exd5 cxd5 9. O-O O-O 10. Bg5 c6 11. Qf3 Be7 12. Rae1 h6 13. Bxh6 d4 14. Bxg7 Kxg7 15. Qg3+ Ng4 16. Ne2 Qd6 17. Nf4 Kh8 18. Qh3+ Nh6 19. Ne6 Bg5 20. Qh5 Bxe6 21. Qxg5 Bd5 22. Qh4 c5 23. Re5 f5 24. Rxd5 Qg6 25. Rxc5 Rg8 26. g3 Rad8 27. Rxf5 Qb6 28. Rf6 1-0

[Event "Outaouais-ch A"]
[Site "Gatineau CAN"]
[Date "2007.05.22"]
[Round "5"]
[White "Szalay, Karoly"]
[Black "Brousseau, Yvan"]
[Result "0-1"]
[WhiteElo "1999"]
[BlackElo "2128"]
[PlyCount "58"]
[GameId "2160767910692969"]
[EventDate "2007.04.24"]
[EventType "swiss"]
[EventRounds "6"]
[EventCountry "CAN"]
[SourceTitle "EXT 2022"]
[Source "ChessBase"]
[SourceDate "2021.10.06"]
[SourceVersion "1"]
[SourceVersionDate "2021.10.06"]
[SourceQuality "1"]

1. e4 b6 2. d4 Bb7 3. Bd3 Nf6 4. f3 e6 5. c4 d5 6. Bg5 h6 7. Bxf6 Qxf6 8. Ne2 dxe4 9. Bxe4 Bxe4 10. fxe4 Bb4+ 11. Nbc3 O-O 12. Qc2 c5 13. O-O-O cxd4 14. Rxd4 Nc6 15. Rd7 Ne5 16. Rd4 Bc5 17. Rdd1 Nxc4 18. Rd3 Qg5+ 19. Kb1 Qxg2 20. Rc1 Rfd8 21. Rcd1 Rxd3 22. Rxd3 Qxh2 23. Rg3 Rd8 24. e5 Rd2 25. Qe4 Rxe2 26. Qxe2 Na3+ 27. bxa3 Qxg3 28. Nb5 Qg1+ 29. Kb2 Qf2 0-1

[Event "Outaouais-ch A"]
[Site "Gatineau CAN"]
[Date "2007.05.26"]
[Round "6"]
[White "Brousseau, Yvan"]
[Black "Malette, Martin"]
[Result "1-0"]
[WhiteElo "2128"]
[BlackElo "2051"]
[PlyCount "81"]
[GameId "2160767910692970"]
[EventDate "2007.04.24"]
[EventType "swiss"]
[EventRounds "6"]
[EventCountry "CAN"]
[SourceTitle "EXT 2022"]
[Source "ChessBase"]
[SourceDate "2021.10.06"]
[SourceVersion "1"]
[SourceVersionDate "2021.10.06"]
[SourceQuality "1"]

1. b3 e5 2. Bb2 d6 3. d4 Nd7 4. e4 Ngf6 5. Nc3 g6 6. Nf3 Bg7 7. dxe5 dxe5 8. Ba3 c5 9. Qd2 O-O 10. Bd3 a6 11. O-O b5 12. Bb2 Bb7 13. Rfe1 Qc7 14. a4 b4 15. Nd1 Rfd8 16. c3 c4 17. Bxc4 Nxe4 18. Qc2 Nxc3 19. Nxc3 Bxf3 20. Ne4 Bxe4 21. Bxf7+ Kxf7 22. Qxc7 Rac8 23. Qa5 Nc5 24. Qxb4 Bd5 25. Rad1 e4 26. Bxg7 Kxg7 27. Qd4+ Kg8 28. b4 Nd3 29. Rxd3 exd3 30. Qxd3 Bc4 31. Qe4 Bf7 32. h3 Rc7 33. Qf4 Rcd7 34. Rc1 Rd4 35. Qc7 R8d7 36. Qc8+ Kg7 37. Rc7 R7d6 38. Qb7 Rf6 39. f3 Rdd6 40. Rd7 Rb6 41. Rxf7+ 1-0

[Event "Outaouais-ch B"]
[Site "Gatineau CAN"]
[Date "2007.04.24"]
[Round "1"]
[White "Arsenault, Yves"]
[Black "Danilov, Alex"]
[Result "0-1"]
[WhiteElo "1458"]
[BlackElo "1919"]
[PlyCount "56"]
[GameId "2160767910692971"]
[EventDate "2007.04.24"]
[EventType "swiss"]
[EventRounds "6"]
[EventCountry "CAN"]
[SourceTitle "EXT 2022"]
[Source "ChessBase"]
[SourceDate "2021.10.06"]
[SourceVersion "1"]
[SourceVersionDate "2021.10.06"]
[SourceQuality "1"]

1. e4 e5 2. Nf3 Nc6 3. Bc4 Bc5 4. d3 Nf6 5. Bg5 h6 6. Bh4 g5 7. Bg3 d6 8. h3 Be6 9. Bxe6 fxe6 10. Nbd2 Qe7 11. Nb3 Bb6 12. a4 a5 13. O-O O-O-O 14. Re1 Rdg8 15. d4 exd4 16. Nfxd4 Nxd4 17. Nxd4 h5 18. e5 h4 19. exd6 cxd6 20. Rxe6 Qf7 21. Rxd6 hxg3 22. Rxb6 gxf2+ 23. Kf1 g4 24. Ra3 gxh3 25. Rc3+ Kb8 26. g3 h2 27. Nc6+ Ka8 28. Qd3 h1=Q+ 0-1

[Event "Outaouais-ch B"]
[Site "Gatineau CAN"]
[Date "2007.04.24"]
[Round "1"]
[White "Berthiaume, Patrick"]
[Black "Blouin, Francois"]
[Result "0-1"]
[WhiteElo "1041"]
[BlackElo "1533"]
[PlyCount "166"]
[GameId "2160767910692972"]
[EventDate "2007.04.24"]
[EventType "swiss"]
[EventRounds "6"]
[EventCountry "CAN"]
[SourceTitle "EXT 2022"]
[Source "ChessBase"]
[SourceDate "2021.10.06"]
[SourceVersion "1"]
[SourceVersionDate "2021.10.06"]
[SourceQuality "1"]

1. d4 d5 2. c4 Bf5 3. Nc3 e6 4. Bf4 Bd6 5. Bxd6 Qxd6 6. Qb3 Nc6 7. e3 Nf6 8. Nf3 O-O 9. Be2 Rab8 10. O-O Rfe8 11. Nb5 Qe7 12. Qa3 Qxa3 13. Nxa3 a6 14. Rac1 Bg4 15. h3 Bh5 16. b3 Ne4 17. Rfd1 Rbc8 18. Nb1 h6 19. Nbd2 Re7 20. Re1 Nb4 21. a3 Na2 22. Rc2 Nac3 23. Bd3 Bg6 24. Ne5 Bh7 25. Bxe4 Nxe4 26. Nxe4 Bxe4 27. Rc3 f6 28. Nf3 c6 29. c5 Bxf3 30. gxf3 e5 31. Rcc1 Rce8 32. dxe5 fxe5 33. Red1 Re6 34. Kf1 Rf8 35. Ke2 Ref6 36. e4 d4 37. Rd3 Rf4 38. Rg1 R8f6 39. Rg4 Kf7 40. b4 g5 41. Rg3 Kg6 42. a4 Rf8 43. a5 Kf6 44. Ke1 h5 45. Ke2 Rg8 46. Rb3 g4 47. hxg4 hxg4 48. Rxg4 Rgxg4 49. fxg4 Rxg4 50. f3 Rg2+ 51. Kf1 Rc2 52. Ke1 Kg5 53. Kd1 Rf2 54. Ke1 Rc2 55. Kd1 Rc3 56. Rb2 Rxf3 57. Rg2+ Kf4 58. Rg7 Kxe4 59. Rxb7 Kd3 60. Ke1 Kc4 61. b5 axb5 62. a6 Ra3 63. a7 Ra2 64. Kd1 d3 65. Rd7 e4 66. Re7 Kc3 67. Ke1 Ra1+ 68. Kf2 d2 69. Rxe4 d1=Q 70. Re3+ Kd4 71. Re6 Kxc5 72. Re5+ Kb6 73. Re8 Kxa7 74. Re7+ Kb6 75. Re8 Ra2+ 76. Ke3 Qe1+ 77. Kd3 Qxe8 78. Kc3 Ra4 79. Kb3 Qe3+ 80. Kb2 Qa3+ 81. Kc2 Rb4 82. Kd2 Rb2+ 83. Kc1 Qa1# 0-1

[Event "Outaouais-ch B"]
[Site "Gatineau CAN"]
[Date "2007.04.24"]
[Round "1"]
[White "Charland, Roger"]
[Black "Pepin, Christian"]
[Result "0-1"]
[WhiteElo "1528"]
[BlackElo "1960"]
[PlyCount "46"]
[GameId "2160767910692973"]
[EventDate "2007.04.24"]
[EventType "swiss"]
[EventRounds "6"]
[EventCountry "CAN"]
[SourceTitle "EXT 2022"]
[Source "ChessBase"]
[SourceDate "2021.10.06"]
[SourceVersion "1"]
[SourceVersionDate "2021.10.06"]
[SourceQuality "1"]

1. e4 c6 2. Nf3 d5 3. exd5 cxd5 4. d4 Bg4 5. Be2 e6 6. O-O Bd6 7. Nc3 Nf6 8. Nb5 Nc6 9. Nxd6+ Qxd6 10. c3 O-O 11. Re1 a6 12. h3 Bh5 13. Bg5 Ne4 14. Bh4 Qf4 15. Qc1 Qxc1 16. Raxc1 h6 17. g4 Bg6 18. Bd3 Nxf2 19. Kxf2 Bxd3 20. Bg3 Be4 21. Nd2 f5 22. Nxe4 fxe4+ 23. Ke3 Rf3+ 0-1

[Event "Outaouais-ch B"]
[Site "Gatineau CAN"]
[Date "2007.04.24"]
[Round "1"]
[White "Desjardins, Michel"]
[Black "Levesque, Andre"]
[Result "1-0"]
[WhiteElo "1880"]
[BlackElo "1414"]
[PlyCount "139"]
[GameId "2160767910692974"]
[EventDate "2007.04.24"]
[EventType "swiss"]
[EventRounds "6"]
[EventCountry "CAN"]
[SourceTitle "EXT 2022"]
[Source "ChessBase"]
[SourceDate "2021.10.06"]
[SourceVersion "1"]
[SourceVersionDate "2021.10.06"]
[SourceQuality "1"]

1. e4 c5 2. Nc3 Nc6 3. g3 g6 4. Bg2 Bg7 5. d3 e6 6. Be3 d6 7. Qd2 a6 8. Nge2 Bd7 9. O-O Rc8 10. d4 cxd4 11. Nxd4 Ne5 12. Rab1 Nc4 13. Qd3 Nxe3 14. Qxe3 Ne7 15. Rfd1 e5 16. Nde2 Be6 17. Qd3 Rc6 18. a4 O-O 19. b4 Qc8 20. b5 Bc4 21. Qd2 Bxe2 22. bxc6 Bxd1 23. cxb7 Qc7 24. Nxd1 Rb8 25. Qb4 Nc6 26. Qb6 Qxb6 27. Rxb6 Na5 28. Rxa6 Nxb7 29. Rb6 Bf6 30. Nb2 Bd8 31. Rb5 Bc7 32. Nc4 Kf8 33. a5 Nc5 34. Rxb8+ Bxb8 35. f3 Ke7 36. Nb6 Nb7 37. a6 Ba7 38. axb7 Bxb6+ 39. Kf1 Ba7 40. Bh3 Kd8 41. Bc8 Kc7 42. g4 Bd4 43. h4 f6 44. h5 gxh5 45. gxh5 h6 46. Kg2 Kb8 47. Kh3 Bb6 48. Kg4 Be3 49. Kf5 Bg5 50. Kg6 Kc7 51. Kf7 d5 52. exd5 f5 53. Bxf5 Kxb7 54. Ke6 Bf4 55. d6 Kc6 56. Be4+ Kb6 57. Kd7 Bg5 58. Kc8 Kc5 59. d7 Kd6 60. d8=Q+ Bxd8 61. Kxd8 Ke6 62. Ke8 Kf6 63. Kf8 Kg5 64. Kg7 Kxh5 65. c4 Kg5 66. c5 h5 67. c6 h4 68. c7 h3 69. c8=Q Kh4 70. Qg4# 1-0

[Event "Outaouais-ch B"]
[Site "Gatineau CAN"]
[Date "2007.04.24"]
[Round "1"]
[White "Dupont, Claude"]
[Black "Dallaire, Dominic"]
[Result "0-1"]
[WhiteElo "1430"]
[BlackElo "1872"]
[PlyCount "70"]
[GameId "2160767910692975"]
[EventDate "2007.04.24"]
[EventType "swiss"]
[EventRounds "6"]
[EventCountry "CAN"]
[SourceTitle "EXT 2022"]
[Source "ChessBase"]
[SourceDate "2021.10.06"]
[SourceVersion "1"]
[SourceVersionDate "2021.10.06"]
[SourceQuality "1"]

1. e4 e6 2. d4 d5 3. exd5 exd5 4. Nc3 c6 5. Nf3 Bd6 6. Be2 Nf6 7. Bg5 h6 8. Bxf6 Qxf6 9. O-O O-O 10. Re1 Be6 11. a3 Nd7 12. Nb1 g5 13. h3 Kh8 14. Nh2 Qf4 15. g3 Qf6 16. Kg2 Rae8 17. c3 Qg7 18. Nd2 f5 19. Bh5 Re7 20. b4 Nf6 21. Be2 Ne4 22. Nxe4 dxe4 23. f3 Ref7 24. fxe4 fxe4 25. Rf1 Rxf1 26. Bxf1 Qf7 27. Qd2 Qh5 28. g4 Qf7 29. Qe3 Bf4 30. Qe2 b5 31. a4 a6 32. axb5 axb5 33. Kg1 Bc4 34. Qxe4 Bd5 35. Qc2 Be3+ 0-1

[Event "Outaouais-ch B"]
[Site "Gatineau CAN"]
[Date "2007.04.24"]
[Round "1"]
[White "Groleau, Gilles"]
[Black "Charette, Jean Sebastien"]
[Result "1-0"]
[WhiteElo "1930"]
[BlackElo "1480"]
[PlyCount "45"]
[GameId "2160767910692976"]
[EventDate "2007.04.24"]
[EventType "swiss"]
[EventRounds "6"]
[EventCountry "CAN"]
[SourceTitle "EXT 2022"]
[Source "ChessBase"]
[SourceDate "2021.10.06"]
[SourceVersion "1"]
[SourceVersionDate "2021.10.06"]
[SourceQuality "1"]

1. e4 e6 2. d4 d5 3. Nd2 c5 4. exd5 Qxd5 5. Ngf3 cxd4 6. Bc4 Qc6 7. a4 Qb6 8. O-O Bc5 9. Nb3 Nc6 10. a5 Qc7 11. Nxc5 Nxa5 12. Bb5+ Nc6 13. Qxd4 Nf6 14. Bf4 Qb6 15. Nxe6 Qxd4 16. Nexd4 Bd7 17. Rfe1+ Kd8 18. Bxc6 bxc6 19. Nb3 Nd5 20. Bg3 Re8 21. Nc5 Bf5 22. Nd4 Bd7 23. Nb7+ 1-0

[Event "Outaouais-ch B"]
[Site "Gatineau CAN"]
[Date "2007.04.24"]
[Round "1"]
[White "Iyamuremye, Gervais"]
[Black "Sunatori, Evelyne"]
[Result "1-0"]
[WhiteElo "1563"]
[BlackElo "1095"]
[PlyCount "51"]
[GameId "2160767910692977"]
[EventDate "2007.04.24"]
[EventType "swiss"]
[EventRounds "6"]
[EventCountry "CAN"]
[SourceTitle "EXT 2022"]
[Source "ChessBase"]
[SourceDate "2021.10.06"]
[SourceVersion "1"]
[SourceVersionDate "2021.10.06"]
[SourceQuality "1"]

1. e4 e5 2. Nf3 Nc6 3. Bc4 Nf6 4. d3 h6 5. a3 Bc5 6. h3 O-O 7. b4 Be7 8. Bb2 d6 9. O-O Be6 10. Bxe6 fxe6 11. Nbd2 Nh5 12. Nb3 Bf6 13. Nxe5 Bxe5 14. Bxe5 Nxe5 15. Qxh5 g6 16. Qxh6 d5 17. f4 Rf6 18. fxe5 Rxf1+ 19. Rxf1 Qe8 20. Rf6 Qe7 21. Rxg6+ Kf7 22. Rg7+ Ke8 23. Rxe7+ Kxe7 24. exd5 exd5 25. Qg7+ Ke6 26. Nd4# 1-0

[Event "Outaouais-ch B"]
[Site "Gatineau CAN"]
[Date "2007.04.24"]
[Round "1"]
[White "Laurin, Jacques"]
[Black "Kennedy, Phillip"]
[Result "0-1"]
[WhiteElo "1796"]
[BlackElo "1351"]
[PlyCount "53"]
[GameId "2160767910692978"]
[EventDate "2007.04.24"]
[EventType "swiss"]
[EventRounds "6"]
[EventCountry "CAN"]

1. e4 c5 2. Nf3 d6 3. e5 g6 4. Bb5+ Nc6 5. O-O a6 6. Bxc6+ bxc6 7. exd6 Qxd6 8. d3 Bg7 9. Nbd2 Rb8 10. Nc4 Qc7 11. Ng5 Nf6 12. Be3 Ng4 13. g3 Nxe3 14. fxe3 Bf6 15. Ne4 Bxb2 16. Nxb2 Rxb2 17. Qf3 O-O 18. Rf2 Qe5 19. Rd1 Rxa2 20. d4 cxd4 21. Rxd4 Qf5 22. Qd1 Qa5 23. Qf3 Bh3 24. Rd1 Ra1 25. Rfd2 Bf5 26. Rxa1 Qxa1+ 27. Rd1 0-1

[Event "Outaouais-ch B"]
[Site "Gatineau CAN"]
[Date "2007.04.24"]
[Round "1"]
[White "Lemieux, Richard"]
[Black "Berthiaume, Serge"]
[Result "0-1"]
[WhiteElo "1617"]
[BlackElo "1229"]
[PlyCount "84"]
[GameId "2160767910692979"]
[EventDate "2007.04.24"]
[EventType "swiss"]
[EventRounds "6"]
[EventCountry "CAN"]
[SourceTitle "EXT 2022"]
[Source "ChessBase"]
[SourceDate "2021.10.06"]
[SourceVersion "1"]
[SourceVersionDate "2021.10.06"]
[SourceQuality "1"]

1. e4 e5 2. Nf3 Nc6 3. Bc4 h6 4. O-O Bc5 5. Nc3 Nf6 6. d3 Na5 7. Nxe5 Nxc4 8. Nxc4 d6 9. Be3 Bxe3 10. Nxe3 O-O 11. f4 Re8 12. Qf3 c6 13. Nc4 Bg4 14. Qg3 b5 15. Nxd6 Qxd6 16. e5 Qd4+ 17. Kh1 Nd5 18. Nxd5 cxd5 19. Qxg4 Qxb2 20. Qd1 Rac8 21. Rf2 Rc6 22. Rb1 Qxa2 23. Ra1 Qb2 24. Rxa7 Rec8 25. Qa1 Rxc2 26. Rxc2 Rxc2 27. Ra8+ Kh7 28. Qxb2 Rxb2 29. h4 Kg6 30. g4 b4 31. f5+ Kh7 32. g5 hxg5 33. hxg5 b3 34. Rb8 Rf2 35. f6 b2 36. Kg1 Rc2 37. e6 Rc1+ 38. Kf2 b1=Q 39. Rxb1 Rxb1 40. e7 Rb8 41. Ke3 gxf6 42. gxf6 Kg6 0-1

[Event "Outaouais-ch B"]
[Site "Gatineau CAN"]
[Date "2007.04.24"]
[Round "1"]
[White "Libersan, Mattieu"]
[Black "Maisonneuve, Paul"]
[Result "1-0"]
[WhiteElo "1895"]
[BlackElo "1453"]
[PlyCount "31"]
[GameId "2160767910692980"]
[EventDate "2007.04.24"]
[EventType "swiss"]
[EventRounds "6"]
[EventCountry "CAN"]
[SourceTitle "EXT 2022"]
[Source "ChessBase"]
[SourceDate "2021.10.06"]
[SourceVersion "1"]
[SourceVersionDate "2021.10.06"]
[SourceQuality "1"]

1. e4 d6 2. d4 Nf6 3. Nc3 g6 4. Bc4 Bg7 5. Qe2 Nc6 6. Nf3 Bg4 7. Be3 Bxf3 8. Qxf3 O-O 9. O-O e5 10. Ne2 Nd7 11. Rad1 Nb6 12. Bb3 Na5 13. dxe5 Bxe5 14. Bh6 Bg7 15. Bxg7 Kxg7 16. Qc3+ 1-0

[Event "Outaouais-ch B"]
[Site "Gatineau CAN"]
[Date "2007.04.24"]
[Round "1"]
[White "Rainey, Ivan"]
[Black "Pilon, Robert"]
[Result "0-1"]
[WhiteElo "1229"]
[BlackElo "1583"]
[PlyCount "62"]
[GameId "2160767910692981"]
[EventDate "2007.04.24"]
[EventType "swiss"]
[EventRounds "6"]
[EventCountry "CAN"]
[SourceTitle "EXT 2022"]
[Source "ChessBase"]
[SourceDate "2021.10.06"]
[SourceVersion "1"]
[SourceVersionDate "2021.10.06"]
[SourceQuality "1"]

1. e4 e6 2. d4 d5 3. exd5 exd5 4. Bf4 Bf5 5. Nf3 Nf6 6. Bd3 Bg4 7. Nbd2 Bd6 8. Qe2+ Be7 9. O-O O-O 10. h3 Re8 11. hxg4 Bd6 12. Ne5 Nc6 13. c3 Nd7 14. Rfe1 Ncxe5 15. dxe5 Nxe5 16. Bxe5 Bxe5 17. g3 Qd7 18. Qf3 g6 19. Re2 Re7 20. Rae1 Rae8 21. Bc2 c6 22. Qd3 Qxg4 23. Qf3 Qd7 24. Re3 Qc7 25. Qg4 Qb6 26. b4 a5 27. f4 Bxc3 28. Qd1 Rxe3 29. Rxe3 Qxe3+ 30. Kg2 Qxd2+ 31. Qxd2 Bxd2 0-1

[Event "Outaouais-ch B"]
[Site "Gatineau CAN"]
[Date "2007.04.24"]
[Round "1"]
[White "Toulouse, Raphael"]
[Black "Scantland, Patrick"]
[Result "1/2-1/2"]
[WhiteElo "1252"]
[BlackElo "1778"]
[PlyCount "102"]
[GameId "2160767910692982"]
[EventDate "2007.04.24"]
[EventType "swiss"]
[EventRounds "6"]
[EventCountry "CAN"]
[SourceTitle "EXT 2022"]
[Source "ChessBase"]
[SourceDate "2021.10.06"]
[SourceVersion "1"]
[SourceVersionDate "2021.10.06"]
[SourceQuality "1"]

1. d4 Nf6 2. e3 e6 3. Nf3 b6 4. b3 Bb7 5. Be2 Be7 6. O-O O-O 7. Nbd2 d6 8. Bb2 Nbd7 9. Re1 c5 10. c3 Rc8 11. b4 Rc7 12. a3 Qa8 13. Rc1 cxb4 14. axb4 Ne4 15. Nxe4 Bxe4 16. Qa4 a5 17. Ra1 axb4 18. Qxb4 Qb8 19. Nd2 Nf6 20. Nxe4 Nxe4 21. Ra6 b5 22. Qxb5 Nxc3 23. Bxc3 Qxb5 24. Bxb5 Rxc3 25. Rc6 Rb3 26. Ba6 Rfb8 27. Rc8+ Rxc8 28. Bxc8 g6 29. e4 Rb2 30. g3 h5 31. Kf1 Kf8 32. Re2 Rb6 33. Bd7 Bf6 34. d5 Ke7 35. dxe6 fxe6 36. Bc8 h4 37. f4 hxg3 38. hxg3 Bc3 39. Rc2 Rb1+ 40. Ke2 Ba5 41. Kf3 Rb5 42. Rh2 Be1 43. Rh7+ Kf6 44. g4 Rb3+ 45. Ke2 g5 46. fxg5+ Kxg5 47. Kxe1 Re3+ 48. Kd2 Rxe4 49. Bxe6 Rxe6 50. Kd3 Kxg4 51. Kd4 d5 1/2-1/2

[Event "Outaouais-ch B"]
[Site "Gatineau CAN"]
[Date "2007.05.01"]
[Round "2"]
[White "Berthiaume, Serge"]
[Black "Desjardins, Michel"]
[Result "0-1"]
[WhiteElo "1229"]
[BlackElo "1880"]
[PlyCount "24"]
[GameId "2160767910692984"]
[EventDate "2007.04.24"]
[EventType "swiss"]
[EventRounds "6"]
[EventCountry "CAN"]
[SourceTitle "EXT 2022"]
[Source "ChessBase"]
[SourceDate "2021.10.06"]
[SourceVersion "1"]
[SourceVersionDate "2021.10.06"]
[SourceQuality "1"]

1. d4 d5 2. c4 c6 3. cxd5 cxd5 4. Nc3 Nc6 5. Bf4 e5 6. dxe5 d4 7. Nb5 Qa5+ 8. Bd2 Qxb5 9. Qc2 Nxe5 10. Qe4 Nf6 11. Qxd4 Nc6 12. Qe3+ Be6 0-1